[Event "3. Oeffinger Schachopen 2012"]
[Site "Oeffingen"]
[Date "2012.05.27"]
[Round "4.3"]
[White "Engbrecht, Helmut"]
[Black "Vaysberg, Alexander"]
[Result "1/2-1/2"]
[WhiteElo "1899"]
[BlackElo "2121"]
[PlyCount "123"]
[EventDate "2012.??.??"]

1. d4 Nf6 2. Nc3 d5 3. Bg5 Bf5 4. Bxf6 exf6 5. f3 Bb4 6. e3 O-O 7. Bd3 Qd7 8.
Nge2 Re8 9. Kf2 Nc6 10. Nf4 Ne7 11. g4 Bxd3 12. Qxd3 Rad8 13. Nce2 Bd6 14. Rag1
c6 15. h4 Ng6 16. Nh5 Re7 17. Neg3 Bxg3+ 18. Nxg3 Rde8 19. Nf5 Re6 20. Rg3 Ne7
21. Rhg1 g6 22. f4 Re4 23. Nh6+ Kg7 24. g5 f5 25. h5 Nc8 26. Rh1 Nd6 27. b3 Qe6
28. Rgh3 Kf8 29. hxg6 fxg6 30. Rc1 b6 31. c4 Ke7 32. a4 Kd8 33. c5 Nc8 34. b4
Qd7 35. b5 Qc7 36. Rf3 cxb5 37. axb5 Nd6 38. Rc2 Nc4 39. Rxc4 dxc4 40. Qxc4
Rxe3 41. Qd5+ Kc8 42. Qa8+ Kd7 43. Qc6+ Qxc6 44. bxc6+ Kxc6 45. Rxe3 Rxe3 46.
Kxe3 bxc5 47. dxc5 Kxc5 48. Kd3 a5 49. Ng8 a4 50. Nf6 a3 51. Kc3 a2 52. Kb2 Kd4
53. Nxh7 Ke4 54. Nf8 Kxf4 55. Nxg6+ Kxg5 56. Ne5 f4 57. Kxa2 Kf5 58. Nf3 Ke4
59. Nh4 Ke3 60. Kb2 Kf2 61. Kc2 Kg3 62. Nf5+ 1/2-1/2

[Event "3. Oeffinger Schachopen 2012"]
[Site "Oeffingen"]
[Date "2012.05.27"]
[Round "4.4"]
[White "Gabriel, Josef"]
[Black "Süss, Stefan"]
[Result "1-0"]
[WhiteElo "2123"]
[BlackElo "1849"]
[PlyCount "41"]
[EventDate "2012.??.??"]

1. e4 d5 2. exd5 Nf6 3. d4 Bg4 4. Nf3 Qxd5 5. Be2 e6 6. O-O Bd6 7. Re1 O-O 8.
Nbd2 Nc6 9. h3 Bxf3 10. Nxf3 Be7 11. c4 Qd7 12. a3 Rfd8 13. Be3 Bf8 14. Qc2 Ne7
15. Rad1 Ng6 16. Bd3 c6 17. Bg5 Be7 18. Qb3 Qc7 19. Bb1 Nd7 20. Bxg6 Bxg5 21.
Bxf7+ 1-0

[Event "3. Oeffinger Schachopen 2012"]
[Site "Oeffingen"]
[Date "2012.05.27"]
[Round "4.5"]
[White "Prestel, Oliver"]
[Black "Koch, Martin"]
[Result "1-0"]
[WhiteElo "2068"]
[BlackElo "1831"]
[PlyCount "63"]
[EventDate "2012.??.??"]

1. c4 Nf6 2. Nc3 e6 3. e4 d6 4. d4 Nbd7 5. Nf3 e5 6. Be2 c6 7. O-O Be7 8. Rb1
O-O 9. b4 exd4 10. Nxd4 c5 11. bxc5 Nxc5 12. f3 Bd7 13. Ndb5 a6 14. Nd4 Qc7 15.
Be3 Rfd8 16. g4 h6 17. Qd2 Be6 18. Kh1 Qd7 19. Rg1 Rab8 20. g5 hxg5 21. Bxg5
Nh7 22. Bh6 Bf8 23. Rg3 Kh8 24. Rbg1 f6 25. Bxg7+ Bxg7 26. Rxg7 Qxg7 27. Rxg7
Kxg7 28. f4 Rd7 29. Na4 Nxa4 30. Nxe6+ Kf7 31. Bg4 Re7 32. Qxd6 1-0

[Event "3. Oeffinger Schachopen 2012"]
[Site "Oeffingen"]
[Date "2012.05.27"]
[Round "4.6"]
[White "Meschke, Andreas"]
[Black "Böhmler, Thomas"]
[Result "1-0"]
[WhiteElo "2049"]
[BlackElo "1769"]
[PlyCount "67"]
[EventDate "2012.??.??"]

1. e4 c5 2. Nf3 d6 3. Bc4 Nf6 4. c3 e6 5. Qe2 Be7 6. Bb3 Nc6 7. O-O O-O 8. d4
Na5 9. Bc2 Bd7 10. e5 Nd5 11. exd6 Bxd6 12. Bg5 f6 13. Qd3 g6 14. Bh6 c4 15.
Qe2 Re8 16. Nbd2 Rc8 17. Ne4 Bf8 18. Qd2 f5 19. Ng3 Nc6 20. Rfe1 Bxh6 21. Qxh6
Qf6 {(=)} 22. Ba4 Qg7 23. Qd2 h6 24. Bxc6 Bxc6 25. Ne5 Nf6 26. Nxc4 Rcd8 27.
Ne5 Bb5 28. Qc2 Nd7 29. Qb3 Nxe5 30. Rxe5 Bd7 31. Rae1 b6 32. Ne2 Qf7 33. Nf4
Bc6 34. Rxe6 1-0

[Event "3. Oeffinger Schachopen 2012"]
[Site "Oeffingen"]
[Date "2012.05.27"]
[Round "4.7"]
[White "Alber, Wilhelm"]
[Black "Osmanovic, Faruk"]
[Result "1/2-1/2"]
[WhiteElo "1799"]
[BlackElo "1974"]
[PlyCount "105"]
[EventDate "2012.??.??"]

1. Nf3 c5 2. g3 b6 3. Bg2 Bb7 4. O-O Nf6 5. d3 g6 6. e4 Bg7 7. Nbd2 Nc6 8. Re1
O-O 9. Nf1 Ng4 10. h3 Nge5 11. N1h2 d6 12. c3 Rc8 13. Qc2 Ba6 14. Bf1 Rc7 15.
Be3 Nxf3+ 16. Nxf3 Qd7 17. Rad1 Nd4 18. Bxd4 cxd4 19. c4 b5 20. b3 d5 21. exd5
Qxd5 22. Rxe7 Qxf3 23. Rxc7 Bb7 24. Rxb7 Qxb7 25. Bg2 Qc7 26. b4 a5 27. a3 Rc8
28. c5 Qe5 29. Bf3 axb4 30. axb4 h5 31. h4 Rc7 32. Ra1 Bf8 33. Qe2 Qf6 34. Kg2
Re7 {(=)} 35. Qd2 Kh7 36. Ra5 Bh6 37. Qd1 Qe6 38. Rxb5 Qa2 39. Kf1 Bd2 40. Be2
Qd5 41. Kg1 Qd7 42. Rb6 Qe8 43. Qxd2 Rxe2 44. Qf4 Re1+ 45. Kg2 Qa8+ 46. c6 Qa2
47. Rb5 Qe6 48. Rc5 Qe2 49. Qxf7+ Kh6 50. Qf4+ Kh7 51. Qxd4 Qf1+ 52. Kf3 Qe2+
53. Kg2 1/2-1/2

[Event "3. Oeffinger Schachopen 2012"]
[Site "Oeffingen"]
[Date "2012.05.28"]
[Round "5.8"]
[White "Pudmensky, Stefan"]
[Black "Vrabac, Branko"]
[Result "0-1"]
[WhiteElo "1738"]
[BlackElo "1850"]
[PlyCount "80"]
[EventDate "2012.??.??"]

1. d4 e6 2. c4 c5 3. e3 Nf6 4. Nc3 b6 5. Nf3 Bb7 6. Be2 Ne4 7. O-O f5 8. d5
Nxc3 9. bxc3 Bd6 10. e4 fxe4 11. Ng5 exd5 12. cxd5 Qe7 13. Nxe4 Qxe4 14. Ba6
Bxh2+ 15. Kh1 Qxd5 16. Re1+ Kf7 17. Bxb7 Qxb7 18. Qh5+ g6 19. Qxh2 Nc6 20. Qf4+
Kg8 21. Re2 Rf8 22. Qh6 Qa6 23. Re4 Qf1+ 24. Kh2 Rxf2 25. Qh3 Nd8 26. c4 Rf8
27. Qxd7 Qf5 28. Qe7 h6 29. Re5 Rh7 30. Qd6 Nf7 31. Qxf8+ Kxf8 32. Rxf5 gxf5
33. Bf4 Ng5 34. Rd1 Ke8 35. Rd5 Rf7 36. Kg3 Ne4+ 37. Kh4 Ke7 38. Bxh6 Rh7 39.
Re5+ Kf6 40. Rxe4 Rxh6+ 0-1

[Event "3. Oeffinger Schachopen 2012"]
[Site "Oeffingen"]
[Date "2012.05.27"]
[Round "4.8"]
[White "Schaffert, Walter"]
[Black "Büchele, Markus"]
[Result "1/2-1/2"]
[WhiteElo "1939"]
[BlackElo "1621"]
[PlyCount "67"]
[EventDate "2012.??.??"]

1. e4 d6 2. d4 Nf6 3. Nc3 c6 4. f4 Qa5 5. Bd3 e5 6. dxe5 dxe5 7. fxe5 Ng4 8.
Nf3 Nxe5 9. Nxe5 Qxe5 10. Qf3 Be6 11. Bf4 Qc5 12. Qg3 Nd7 13. e5 O-O-O 14. a3
Qd4 15. Ne2 Qxb2 16. O-O Bc5+ 17. Kh1 Qb6 18. Be4 h6 19. Qc3 Qc7 20. h3 Bb6 21.
a4 Ba5 22. Qb2 Nb6 23. Nd4 Nd5 24. Bxd5 Rxd5 25. c4 Rd7 26. Nf5 Kb8 27. Nd6 Bb6
28. Qa3 Bd4 29. Rab1 Qa5 30. Rfe1 Bc5 31. Qb3 Bxd6 32. exd6 Qc5 33. Qf3 Ka8 34.
Rec1 {(=)} 1/2-1/2

[Event "3. Oeffinger Schachopen 2012"]
[Site "Oeffingen"]
[Date "2012.05.28"]
[Round "6.1"]
[White "Schnepp, Gunnar"]
[Black "Rempeli, Alex"]
[Result "1-0"]
[WhiteElo "2244"]
[BlackElo "2003"]
[PlyCount "49"]
[EventDate "2012.??.??"]

1. d4 Nf6 2. c4 g6 3. Nc3 d5 4. cxd5 Nxd5 5. e4 Nxc3 6. bxc3 Bg7 7. Nf3 c5 8.
Rb1 O-O 9. Be2 cxd4 10. cxd4 Qa5+ 11. Bd2 Qxa2 12. O-O Bg4 13. Be3 Nc6 14. d5
Bxf3 15. Bxf3 Ne5 {(=)} 16. Rxb7 Nxf3+ 17. Qxf3 Qa3 18. Bg5 Qxf3 19. gxf3 e6
20. d6 Bd4 21. Rd1 Bb6 22. Be7 Rfb8 23. Rxb8+ Rxb8 24. d7 Bd8 25. Rc1 1-0

[Event "3. Oeffinger Schachopen 2012"]
[Site "Oeffingen"]
[Date "2012.05.28"]
[Round "6.10"]
[White "Pudmensky, Stefan"]
[Black "Osmanovic, Faruk"]
[Result "0-1"]
[WhiteElo "1738"]
[BlackElo "1974"]
[PlyCount "90"]
[EventDate "2012.??.??"]

1. d4 Nf6 2. Nf3 e6 3. Bg5 c5 4. e3 Qb6 5. b3 Ne4 6. c3 Qa5 7. dxc5 Qxc5 8. b4
Qb6 9. Qd4 Nxg5 10. Nxg5 Qd8 11. Nf3 Nc6 12. Qd2 Qf6 13. Nd4 Nxd4 14. cxd4 b6
15. Bd3 a5 16. b5 Bb4 17. Nc3 Bb7 18. O-O Rc8 19. Rfc1 O-O 20. a3 Bd6 21. Na4
Rxc1+ 22. Rxc1 Bxa3 23. Rc7 Bd5 24. Nxb6 Qg5 25. Nxd5 Qxd5 26. Qxa5 Bd6 27. Ra7
Rc8 28. Qa1 Bb8 29. Ra3 g6 30. Rc3 Rxc3 31. Qxc3 Qd6 32. g3 Bc7 33. Qc5 Qb6 34.
Qxb6 Bxb6 35. Kg2 f6 36. Kf3 Kf7 37. h4 h6 38. Bc4 d6 39. Ke4 d5+ 40. Bxd5 f5+
41. Kd3 exd5 42. f3 Bc7 43. Kc3 Bxg3 44. Kb4 Bd6+ 45. Ka5 g5 0-1

[Event "3. Oeffinger Schachopen 2012"]
[Site "Oeffingen"]
[Date "2012.05.28"]
[Round "5.1"]
[White "Rempeli, Alex"]
[Black "Heining, Thomas"]
[Result "1-0"]
[WhiteElo "2003"]
[BlackElo "2030"]
[PlyCount "59"]
[EventDate "2012.??.??"]

1. d4 Nf6 2. c4 g6 3. Nc3 Bg7 4. e4 d6 5. Nf3 O-O 6. Be2 e5 7. O-O Nc6 8. d5
Ne7 9. Ne1 Nd7 10. Nd3 f5 11. Bd2 Nf6 12. f3 f4 13. c5 g5 14. Rc1 Ng6 15. Nb5
Rf7 16. Ba5 b6 17. cxb6 cxb6 18. Be1 g4 19. Nb4 g3 20. Nc6 Qf8 21. h3 a6 22.
Na3 b5 23. Bb4 Bh6 24. Re1 Nxe4 25. fxe4 f3 26. Bxf3 Bxc1 27. Qxc1 Nf4 28. Nxe5
a5 29. Nxf7 axb4 30. Qxf4 1-0

[Event "3. Oeffinger Schachopen 2012"]
[Site "Oeffingen"]
[Date "2012.05.28"]
[Round "5.2"]
[White "Schnepp, Gunnar"]
[Black "Gabriel, Josef"]
[Result "1/2-1/2"]
[WhiteElo "2244"]
[BlackElo "2123"]
[PlyCount "69"]
[EventDate "2012.??.??"]

1. d4 g6 2. e4 Bg7 3. Nc3 d6 4. Nf3 a6 5. a4 b6 6. Bc4 e6 7. O-O Ne7 8. Be3 O-O
9. Qd2 c5 10. Rad1 Nbc6 11. Bb3 cxd4 12. Nxd4 Na5 13. Nde2 Nxb3 14. cxb3 d5 15.
exd5 exd5 16. Nf4 b5 17. Nfxd5 Nxd5 18. Nxd5 Be6 19. Bb6 Qb8 20. a5 Qb7 21. Nc7
Bxb3 22. Nxa8 Bxd1 23. Rxd1 Rxa8 24. b4 Bf6 25. Qd6 Kg7 26. Bd4 Bxd4 27. Qxd4+
Kg8 28. h4 Qc6 29. h5 Qc4 30. h6 Qxd4 31. Rxd4 Re8 32. Rd6 Re1+ 33. Kh2 Re4 34.
Rxa6 Rxb4 35. Kg3 1/2-1/2

[Event "3. Oeffinger Schachopen 2012"]
[Site "Oeffingen"]
[Date "2012.05.28"]
[Round "5.3"]
[White "Vaysberg, Alexander"]
[Black "Gustain, Marc"]
[Result "1-0"]
[WhiteElo "2121"]
[BlackElo "2063"]
[PlyCount "85"]
[EventDate "2012.??.??"]

1. e4 c5 2. Nc3 d6 3. f4 g6 4. Nf3 Bg7 5. Bc4 Nc6 6. O-O Nf6 7. d3 O-O 8. Qe1
Nd4 9. Bb3 Nxb3 10. axb3 e6 11. Qh4 Nd7 12. Qh3 Nb8 13. e5 Nc6 14. Ne4 dxe5 15.
fxe5 Nxe5 16. Nxe5 Qd4+ 17. Be3 Qxe5 18. Bxc5 Rd8 19. Be7 Rd5 20. Nf6+ Bxf6 21.
Bxf6 Qd6 22. Qe3 Rh5 23. h3 b6 24. Rae1 Bb7 25. c4 Rc8 26. d4 Rf5 27. Rxf5 exf5
28. Be7 Qe6 29. Qf2 Be4 30. Qh4 Re8 31. Bf6 Qd6 32. Ra1 Re6 33. Be5 Qe7 34. Qg3
a5 35. Bc7 Rc6 36. Bf4 Rc8 37. d5 Re8 38. Bd2 Qe5 39. Qxe5 Rxe5 40. Bc3 Re8 41.
Bf6 Kf8 42. Rd1 Bc2 43. Rd2 1-0

[Event "3. Oeffinger Schachopen 2012"]
[Site "Oeffingen"]
[Date "2012.05.28"]
[Round "5.4"]
[White "Prestel, Oliver"]
[Black "Engbrecht, Helmut"]
[Result "1-0"]
[WhiteElo "2068"]
[BlackElo "1899"]
[PlyCount "135"]
[EventDate "2012.??.??"]

1. c4 Nc6 2. Nc3 Nf6 3. g3 d5 4. cxd5 Nxd5 5. Bg2 e6 6. Nf3 Be7 7. O-O O-O 8.
d4 Nxc3 9. bxc3 Bf6 10. Rb1 g5 11. e3 Kg7 12. Nd2 Rh8 13. Qh5 Be7 14. f4 f5 15.
fxg5 Bxg5 16. Nc4 Bf6 17. e4 h6 18. exf5 exf5 19. Bf4 Qg8 20. Ne3 Ne7 21. Bxb7
Rb8 22. Bxc8 Rxb1 23. Rxb1 Qxc8 24. Rb5 Qe6 25. Rxf5 Nxf5 26. Nxf5+ Kf8 27.
Bxh6+ Rxh6 28. Qxh6+ Kf7 29. Qh7+ Kf8 30. Qh6+ Kf7 31. Ne3 Qxa2 32. Qh7+ Kf8
33. Qxc7 a5 34. Qc5+ Be7 35. Qf5+ Ke8 36. Qc2 Qa1+ 37. Kf2 a4 38. Nc4 a3 39.
Qa4+ Kf8 40. Qa8+ Kg7 41. Qe8 Bf8 42. Ne5 Qb2+ 43. Ke3 Qxc3+ 44. Ke4 Qc2+ 45.
Ke3 Qf5 46. g4 Qf6 47. h4 Qe7 48. Qg6+ Kh8 49. Kd3 Bg7 50. Qh5+ Kg8 51. Kc3 Qb7
52. Qe8+ Kh7 53. Qg6+ Kg8 54. Qe6+ Kh7 55. Qb3 Qa8 56. Qa2 Qa5+ 57. Kb3 Bxe5
58. dxe5 Qxe5 59. Qc2+ Kg8 60. Kxa3 Qe7+ 61. Kb3 Qxh4 62. Qg6+ Kf8 63. Kc3 Qh8+
64. Kd3 Qg7 65. Qf5+ Kg8 66. Qd5+ Qf7 67. Qg5+ Qg7 68. Qd8+ {(ZÜ)} 1-0

[Event "3. Oeffinger Schachopen 2012"]
[Site "Oeffingen"]
[Date "2012.05.28"]
[Round "5.5"]
[White "Osmanovic, Faruk"]
[Black "Meschke, Andreas"]
[Result "0-1"]
[WhiteElo "1974"]
[BlackElo "2049"]
[PlyCount "108"]
[EventDate "2012.??.??"]

1. e4 e5 2. Nf3 Nc6 3. Bc4 Bc5 4. Nc3 Nf6 5. O-O d6 6. d3 Bg4 7. h3 Bh5 8. g4
Bg6 9. Bg5 h5 10. Nd5 hxg4 11. hxg4 Qc8 12. Nh2 Nxd5 13. exd5 Na5 14. Kg2 c6
15. Qe2 b5 16. Bb3 f6 17. Be3 Nxb3 18. axb3 Bxe3 19. Qxe3 cxd5 20. c3 Kf8 21.
f3 Qb7 22. Kg3 Qe7 23. Rh1 f5 24. gxf5 Qh4+ 25. Kg2 Qh3+ 26. Kf2 Qh4+ 27. Kg2
Qh3+ 28. Kf2 Bxf5 29. Ng4 Qxh1 30. Rxh1 Rxh1 31. Kg3 Bxg4 32. fxg4 Rf1 33. Qe2
Rf7 34. Qg2 e4 35. dxe4 Re8 36. exd5 Re3+ 37. Kh4 g6 38. Qd2 Re5 39. c4 g5+ 40.
Kg3 bxc4 41. bxc4 Rfe7 42. b4 Re3+ 43. Kf2 R3e4 44. Qxg5 Rxc4 45. Qh6+ Ke8 46.
Qxd6 Rxg4 47. Qb8+ Kf7 48. d6 Rd7 49. Qb5 Ke6 50. Qe2+ Kf5 51. Qd3+ Ke6 52. Qf3
Rf7 53. d7 Rxf3+ 54. Kxf3 Rd4 0-1

[Event "3. Oeffinger Schachopen 2012"]
[Site "Oeffingen"]
[Date "2012.05.28"]
[Round "5.6"]
[White "Kolb, Roland"]
[Black "Schaffert, Walter"]
[Result "0-1"]
[WhiteElo "1828"]
[BlackElo "1939"]
[PlyCount "56"]
[EventDate "2012.??.??"]

1. e4 d5 2. exd5 Nf6 3. Nc3 Nxd5 4. Bc4 Nb6 5. Bb3 Nc6 6. Qf3 e6 7. Nge2 Be7 8.
O-O O-O 9. d4 Nxd4 10. Nxd4 Qxd4 11. Rd1 Qh4 12. Ne4 Bd7 13. Bf4 Bc6 14. Qe3
Nd5 15. Bxd5 Bxd5 16. g3 Qh3 17. f3 Rfe8 18. b3 Bxe4 19. fxe4 Qh5 20. Kg2 e5
21. Rd5 exf4 22. Qxf4 Qe2+ 23. Kh3 Bf6 24. Rad1 Qxe4 25. Qxc7 Rac8 26. Qxb7
Rxc2 27. Qxa7 Qe6+ 28. g4 Qe3+ 0-1

[Event "3. Oeffinger Schachopen 2012"]
[Site "Oeffingen"]
[Date "2012.05.28"]
[Round "5.7"]
[White "Fahnenschmidt, Dr. Gerhard"]
[Black "Alber, Wilhelm"]
[Result "0-1"]
[WhiteElo "1865"]
[BlackElo "1799"]
[PlyCount "140"]
[EventDate "2012.??.??"]

1. c4 Nf6 2. Nc3 e6 3. Nf3 c5 4. d4 cxd4 5. Nxd4 Nc6 6. Ndb5 d6 7. Bg5 a6 8.
Bxf6 gxf6 9. Nd4 Qb6 10. Nxc6 bxc6 11. Qd2 d5 12. cxd5 cxd5 13. e4 d4 14. Na4
Qb4 15. Qxb4 Bxb4+ 16. Ke2 Rb8 17. Kf3 Bd7 18. b3 Bxa4 19. bxa4 Bc3 20. Rd1 Rb6
21. Bc4 Ke7 22. Rd3 Rg8 23. Rhd1 Rg5 24. h4 Ra5 25. Bb3 Rc6 26. g4 h5 27. gxh5
Rxh5 28. Kg4 Re5 29. f3 Rc8 30. Kf4 Rh8 31. Rh1 Rg8 32. h5 Reg5 33. e5 fxe5+
34. Ke4 Kd6 35. Rxc3 dxc3 36. h6 Rh8 37. Kd3 Rg6 38. h7 Rg7 39. Kxc3 Rgxh7 40.
Rd1+ Ke7 41. Rd3 Rh4 42. Re3 Rc8+ 43. Kd3 Kd6 44. Re1 Rf4 45. Ke2 Rc3 46. Rd1+
Ke7 47. Kd2 Rcxf3 48. Rc1 Rd4+ 49. Ke2 Rff4 50. Rc7+ Rd7 51. Rc6 Rd6 52. Rc7+
Kf6 53. a5 Rfd4 54. Bc4 Rd2+ 55. Ke3 Rc2 56. Rc8 Rd5 57. Bxd5 Rxc8 58. Bb7 Rc5
59. Bxa6 Rxa5 60. Bc4 Ke7 61. Bb3 f5 62. a4 Kd6 63. Kd3 Rc5 64. Bc4 e4+ 65. Kc3
e3 66. Kb4 Rxc4+ 67. Kxc4 e2 68. a5 e1=Q 69. a6 Qa5 70. Kd4 Qxa6 0-1

[Event "3. Oeffinger Schachopen 2012"]
[Site "Oeffingen"]
[Date "2012.05.28"]
[Round "6.2"]
[White "Meschke, Andreas"]
[Black "Vaysberg, Alexander"]
[Result "1/2-1/2"]
[WhiteElo "2049"]
[BlackElo "2121"]
[PlyCount "89"]
[EventDate "2012.??.??"]

1. e4 d5 2. exd5 Nf6 3. Bb5+ Bd7 4. Bc4 Bg4 5. f3 Bc8 6. Nc3 Nbd7 7. Nge2 Nb6
8. d3 Nfxd5 9. Bb3 Bf5 10. Ne4 e6 11. N2g3 Bg6 12. O-O h5 13. f4 h4 14. Nh1 Qd7
15. Nhf2 O-O-O 16. a4 Nf6 17. a5 Nbd5 18. a6 b6 19. Qf3 Bh5 20. Qh3 Be7 21. Re1
c6 22. Ng5 Bc5 23. Nge4 Bd4 24. Qxh4 Bd1 25. Qg5 Bg4 26. Bxd5 exd5 27. Ng3 Nh7
28. Qe7 Rhe8 29. Qxd7+ Bxd7 30. Rxe8 Rxe8 31. Kf1 Nf6 32. h3 b5 33. c3 Bc5 34.
d4 Bd6 35. Nd3 Ne4 36. Nxe4 Rxe4 37. b4 Kc7 38. g4 Bc8 39. Kf2 Kb6 40. Nc5 Re8
41. f5 Rh8 42. Kg2 Re8 43. Kf2 Rh8 44. Kg2 Re8 45. Kf2 1/2-1/2

[Event "3. Oeffinger Schachopen 2012"]
[Site "Oeffingen"]
[Date "2012.05.28"]
[Round "6.3"]
[White "Schaffert, Walter"]
[Black "Prestel, Oliver"]
[Result "0-1"]
[WhiteElo "1939"]
[BlackElo "2068"]
[PlyCount "38"]
[EventDate "2012.??.??"]

1. e4 c5 2. Nc3 Nc6 3. Nf3 g6 4. d4 cxd4 5. Nxd4 Bg7 6. Be3 Nf6 7. Qd2 O-O 8.
f3 d5 9. O-O-O dxe4 10. fxe4 Ng4 11. Nxc6 Qxd2+ 12. Rxd2 bxc6 13. Nd1 Nxe3 14.
Nxe3 Bh6 15. Re2 Rd8 16. Re1 Rd4 17. Bd3 Be6 18. Kb1 Rb8 19. Nc4 Bxc4 0-1

[Event "3. Oeffinger Schachopen 2012"]
[Site "Oeffingen"]
[Date "2012.05.28"]
[Round "6.4"]
[White "Gabriel, Josef"]
[Black "Alber, Wilhelm"]
[Result "1-0"]
[WhiteElo "2123"]
[BlackElo "1799"]
[PlyCount "39"]
[EventDate "2012.??.??"]

1. e4 c6 2. d4 d5 3. Nc3 dxe4 4. Nxe4 Nd7 5. Bc4 Ngf6 6. Ng5 e6 7. Qe2 Nb6 8.
Bb3 Bd6 9. N1f3 h6 10. Nh3 Qc7 11. c4 c5 12. dxc5 Qxc5 13. O-O Bd7 14. Be3 Qc7
15. c5 Bxc5 16. Rac1 Ne4 17. Qc2 Bxe3 18. Qxc7 Nxf2 19. Nxf2 Rc8 20. Qe5 1-0

[Event "3. Oeffinger Schachopen 2012"]
[Site "Oeffingen"]
[Date "2012.05.28"]
[Round "6.5"]
[White "Vrabac, Branko"]
[Black "Heining, Thomas"]
[Result "0-1"]
[WhiteElo "1850"]
[BlackElo "2030"]
[PlyCount "136"]
[EventDate "2012.??.??"]

1. d4 Nf6 2. Nf3 g6 3. Bf4 Bg7 4. e3 O-O 5. Nbd2 d6 6. Bd3 Nfd7 7. c3 Nc6 8.
Qc2 e5 9. dxe5 Ndxe5 10. Be2 Qe7 11. Bg5 f6 12. Bh4 Bf5 13. e4 Nxf3+ 14. gxf3
Be6 15. f4 Bh6 16. f5 gxf5 17. exf5 Bd5 18. Rg1+ Kh8 19. Kf1 Rg8 20. Nf3 Rxg1+
21. Nxg1 Ne5 22. Nh3 Rg8 23. Bg3 Nf3 24. Bxf3 Bxf3 25. Ng1 Bc6 26. Qe2 Qxe2+
27. Nxe2 Bb5 28. f4 Re8 29. Re1 Bd3 30. Kf2 Bxf5 31. Bh4 Kg7 32. Rg1+ Kf7 33.
Ng3 Bg4 34. h3 Bxf4 35. hxg4 Be3+ 36. Kf1 Bxg1 37. Kxg1 Re1+ 38. Kf2 Rb1 39. b4
Rb2+ 40. Ne2 Rxa2 41. Ke3 Ra1 42. Bg3 Ke7 43. Nd4 Kd7 44. Bf2 h5 45. gxh5 Rh1
46. Nf5 Rxh5 47. Kf4 Rh1 48. Ng3 Rc1 49. Bd4 Ke6 50. Ne4 Rf1+ 51. Nf2 a6 52.
Ke3 f5 53. Nd3 Kd5 54. Ke2 Rh1 55. Bf2 Kc4 56. Bd4 Rh2+ 57. Nf2 c5 58. bxc5
dxc5 59. Be5 Rh7 60. Kf3 b5 61. Nd1 a5 62. Ne3+ Kd3 63. Nxf5 Rf7 64. Kf4 c4 65.
Bh8 a4 66. Ke5 Rxf5+ 67. Kxf5 a3 68. Ke6 a2 0-1

[Event "3. Oeffinger Schachopen 2012"]
[Site "Oeffingen"]
[Date "2012.05.28"]
[Round "6.6"]
[White "Gustain, Marc"]
[Black "Michna, Dr. Marcus"]
[Result "1-0"]
[WhiteElo "2063"]
[BlackElo "1712"]
[PlyCount "53"]
[EventDate "2012.??.??"]

1. e4 c5 2. Nf3 Nc6 3. d4 cxd4 4. Nxd4 Qb6 5. Nb3 Nf6 6. Nc3 e6 7. Qe2 d6 8.
Bf4 e5 9. Be3 Qc7 10. f3 Be7 11. O-O-O a6 12. g4 Be6 13. Kb1 Na5 14. g5 Nd7 15.
Nd5 Bxd5 16. Rxd5 b5 17. Nxa5 Qxa5 18. h4 Nb6 19. Bxb6 Qxb6 20. Bh3 Ra7 21. Qd2
h6 22. f4 exf4 23. Qxf4 hxg5 24. hxg5 Kd8 25. Qg4 Rc7 26. e5 Qc6 27. Qd1 1-0

[Event "3. Oeffinger Schachopen 2012"]
[Site "Oeffingen"]
[Date "2012.05.28"]
[Round "6.7"]
[White "Schwappach, Joachim"]
[Black "Engbrecht, Helmut"]
[Result "0-1"]
[WhiteElo "1623"]
[BlackElo "1899"]
[PlyCount "98"]
[EventDate "2012.??.??"]

1. c4 Nc6 2. Nc3 Nf6 3. Nf3 d5 4. cxd5 Nxd5 5. d3 e5 6. Bd2 Be7 7. g3 Be6 8.
Bg2 h5 9. h4 f6 10. a3 Qd7 11. Nxd5 Qxd5 12. Qa4 Bd7 13. Qe4 Qxe4 14. dxe4 Be6
15. O-O O-O-O 16. Rac1 Nd4 17. Nxd4 Rxd4 18. Be3 Ra4 19. Rc3 b6 20. b4 Kb7 21.
Rfc1 Bd6 22. f4 a5 23. f5 axb4 24. axb4 Bf7 25. Bd2 Ra2 26. Rd3 Rha8 27. Kf2
R8a3 28. Rxa3 Rxa3 29. Bf3 Rb3 30. Rd1 Kc8 31. g4 hxg4 32. Bxg4 Bxb4 33. Bxb4
Rxb4 34. Bf3 g6 35. fxg6 Bxg6 36. h5 Bxe4 37. Bg4+ f5 38. Bh3 Rb3 39. e3 Kb7
40. Bf1 Ra3 41. h6 Ra8 42. Rd7 Rh8 43. h7 Kc6 44. Rf7 f4 45. exf4 Rxh7 46. Rf6+
Kd5 47. Ke3 exf4+ 48. Rxf4 Re7 49. Rh4 Bg2+ 0-1

[Event "3. Oeffinger Schachopen 2012"]
[Site "Oeffingen"]
[Date "2012.05.28"]
[Round "6.8"]
[White "Strauss, Martin"]
[Black "Süss, Stefan"]
[Result "1/2-1/2"]
[WhiteElo "1739"]
[BlackElo "1849"]
[PlyCount "120"]
[EventDate "2012.??.??"]

1. e4 d5 2. exd5 Nf6 3. Bb5+ Bd7 4. Bc4 Bg4 5. f3 Bf5 6. Nc3 Nbd7 7. d4 Nb6 8.
Bb5+ Bd7 9. Bxd7+ Qxd7 10. Nge2 Nfxd5 11. Nxd5 Nxd5 12. c3 e6 13. O-O Be7 14.
c4 Nb6 15. b3 c6 16. Be3 O-O 17. Qc2 Rac8 18. Rfd1 Rfd8 19. Qd2 Qe8 20. Qe1 Rd7
21. a4 Rcd8 22. g4 Nc8 23. Kg2 Bd6 24. h4 Ne7 25. h5 f5 26. Bf4 Qf7 27. Qg3
fxg4 28. fxg4 g5 29. Bxd6 Rxd6 30. Qd3 h6 31. Rf1 Qg7 32. Rae1 Kh8 33. Qf3 Ng8
34. Qf7 R8d7 35. Qf8 Re7 36. Rf3 Rdd7 37. Ref1 e5 38. Qxg7+ Kxg7 39. dxe5 Rxe5
40. Ng3 a6 41. Nf5+ Kh7 42. Ng3 Ree7 43. R1f2 Rg7 44. Rf8 Ne7 45. Ne4 Ng8 46.
Nc5 Rde7 47. Nd3 Re4 48. Kg3 Re3+ 49. R2f3 Rge7 50. Kg2 Re2+ 51. Kf1 Kg7 52.
R8f7+ Rxf7 53. Rxf7+ Kxf7 54. Kxe2 Nf6 55. Kf3 Nd7 56. Ke4 Ke6 57. b4 Nf6+ 58.
Kf3 b6 59. a5 bxa5 60. bxa5 Nd7 1/2-1/2

[Event "3. Oeffinger Schachopen 2012"]
[Site "Oeffingen"]
[Date "2012.05.29"]
[Round "7.1"]
[White "Prestel, Oliver"]
[Black "Schnepp, Gunnar"]
[Result "1/2-1/2"]
[WhiteElo "2068"]
[BlackElo "2244"]
[PlyCount "81"]
[EventDate "2012.??.??"]

1. c4 c5 {(=)} 2. Nc3 Nf6 3. g3 d5 4. cxd5 Nxd5 5. Bg2 Nc7 6. Nf3 Nc6 7. d3 e5
8. O-O Bd7 9. Be3 Be7 10. a4 O-O 11. Nd2 Ne6 12. Nc4 Ned4 13. f4 exf4 14. Bxf4
Ne6 15. Bd2 Bg5 16. e3 Rb8 17. Ne4 Be7 18. Bc3 Ng5 19. Qh5 Nxe4 20. Bxe4 g6 21.
Qf3 Be6 22. Bxc6 Bxc4 23. dxc4 bxc6 24. Qf4 Qd7 25. Qe5 f6 26. Qe4 f5 27. Rad1
Bd6 28. Qd3 Rbd8 29. Be5 Qe6 30. Bxd6 Rf6 31. Qb3 Rxd6 32. Rxd6 Qxd6 33. Rd1
Qe7 34. Kf2 Rf8 35. a5 Rd8 36. a6 Rxd1 37. Qxd1 Kf7 38. Qb3 Kf6 39. Qb7 Qe4 40.
Qb3 g5 41. Qb7 1/2-1/2

[Event "3. Oeffinger Schachopen 2012"]
[Site "Oeffingen"]
[Date "2012.05.29"]
[Round "7.2"]
[White "Vaysberg, Alexander"]
[Black "Gabriel, Josef"]
[Result "1-0"]
[WhiteElo "2121"]
[BlackElo "2123"]
[PlyCount "95"]
[EventDate "2012.??.??"]

1. e4 g6 2. d4 Bg7 3. Nc3 d6 4. f4 c6 5. a4 d5 6. e5 h5 7. h3 h4 8. Nf3 Bf5 9.
Be3 e6 10. Bf2 Bf8 11. Bd3 Bxd3 12. Qxd3 Be7 13. O-O Nh6 14. Ne2 Nf5 15. b3 Na6
16. c4 Nb4 17. Qd2 a5 18. Rfd1 Kf8 19. Rac1 Kg7 20. Kh2 Qd7 21. Nc3 Rhc8 22.
Na2 Qd8 23. Nxb4 Bxb4 24. Qe2 Be7 25. Rc2 Qh8 26. c5 Ra6 27. Rb1 Rca8 28. b4
axb4 29. Rxb4 Rxa4 30. Rxb7 Qh6 31. Qd2 Bd8 32. Ng5 Bxg5 33. fxg5 Qh5 34. Rcb2
Ra1 35. Rb1 R1a3 36. Qf4 Ra2 37. R7b2 Rxb2 38. Rxb2 Qd1 39. Qd2 Qf1 40. Qe2 Qc1
41. Qd2 Qc4 42. Rc2 Qf1 43. Rc1 Qb5 44. Qf4 Rh8 45. Ra1 Qb2 46. Ra6 Qb5 47. Rb6
Qf1 48. Qf3 {(ZÜ)} 1-0

[Event "3. Oeffinger Schachopen 2012"]
[Site "Oeffingen"]
[Date "2012.05.29"]
[Round "7.3"]
[White "Rempeli, Alex"]
[Black "Meschke, Andreas"]
[Result "0-1"]
[WhiteElo "2003"]
[BlackElo "2049"]
[PlyCount "80"]
[EventDate "2012.??.??"]

1. d4 d5 2. c4 dxc4 3. Nf3 Nf6 4. e3 e6 5. Bxc4 c5 6. O-O a6 7. Bd3 cxd4 8.
exd4 Be7 9. Ne5 O-O 10. Nc3 b5 11. Qf3 Ra7 12. Be3 Bb7 13. Qh3 Bd5 14. Bg5 g6
15. Rfe1 Ba8 16. Bh6 Nbd7 17. Rad1 Nb6 18. Re3 Nbd5 19. Rg3 Bd6 20. Bxf8 Qxf8
21. Ne2 Rc7 22. Bb1 Bb7 23. Qh4 Qg7 24. a3 Be7 25. Rb3 Nh5 26. Qg4 f5 27. Qh3
Nhf4 28. Nxf4 Nxf4 29. Qe3 Nxg2 30. Qd2 Bf6 31. Rc3 Nh4 32. Ba2 Re7 33. Qf4 g5
34. Qg3 f4 35. Qg4 Bxe5 36. Bxe6+ Kf8 37. dxe5 Qxe5 38. Rd8+ Kg7 39. Rg8+ Kh6
40. Bc4 bxc4 0-1